000
00272nam a2200109Ia 4500
008
190216s9999||||xx |||||||||||||| ||und||
100
_a
Calicut University
245
0
_a
Padya Gadya Samaharam
260
_b
Calicut University Publications
650
_a
Kavitha
942
_c
BK
999
_c
26783
_d
26783